000
00204 a2200097 4500
001
20087
100
_a
Davis S
245
_a
Computer data display
260
_a
_b
Prentice-Hall
_c
090
_c
14681
_d
14681
942
_a
NUST-CAE
_c
M
_c
5204
999
_c
255160
_d
255160